Echelle de mots : de la fête au foot - Statistiques

Statistiques générales
  • Ce quiz a été pris 6 121 fois
  • Le résultat moyen est 14 sur 19
Statistiques - réponses
Hint Réponse % Correct
On la fait au village fete
99%
Sport populaire foot
95%
Costaud Fort
90%
Refuge des bâteaux port
90%
Pas tôt tard
90%
Vraiment moche laid
89%
On en met sur les paupières fard
85%
Ou du cochon lard
84%
La peau en compte des milliers pore
84%
Femelle du sanglier laie
81%
Poisson plat raie
77%
Sous la maison cave
75%
Evite le coup pare
74%
Gros défaut tare
71%
Céleri. Ou fête sauvage rave
67%
N'arrive pas à redémarrer cale
66%
Abime légèrement fele
59%
Appelle hele
27%
Cordage hale
25%
Aucun quiz correspondant
Distribution des résultats
% des personnes avec chaque résultat
Percentile par nombre de réponses
Votre historique - résultats
Vous n’avez pas pris ce quiz